Catálogo
 En Linea

ley 55-93 sobre el SIDA, análisis, comentarios y reglamento para su aplicación. (Registro nro. 37768)

Detalles MARC
000 -CABECERA
campo de control de longitud fija 00582nam a2200145 a 4500
001 - NÚMERO DE CONTROL
campo de control 000038278
005 - FECHA Y HORA DE LA ÚLTIMA TRANSACCIÓN
campo de control 20250607073643.0
008 - DATOS DE LONGITUD FIJA--INFORMACIÓN GENERAL
campo de control de longitud fija 130408s1996 dr 000 0 spa d
040 ## - FUENTE DE LA CATALOGACIÓN
Centro catalogador/agencia de origen DO-SdBNP
Lengua de catalogación spa
Centro/agencia transcriptor BNPHU
110 1# - ENTRADA PRINCIPAL--NOMBRE DE ENTIDAD CORPORATIVA
Nombre de entidad corporativa o nombre de jurisdicción como elemento de entrada República Dominicana.
Unidad subordinada Secretaria de Estado de Salud Pública y Asistencia Social (2001)
9 (RLIN) 56549
245 10 - MENCIÓN DE TÍTULO
Título ley 55-93 sobre el SIDA, análisis, comentarios y reglamento para su aplicación.
250 ## - MENCIÓN DE EDICIÓN
Mención de edición 2a. ed.
260 ## - PUBLICACIÓN, DISTRIBUCIÓN, ETC.
Lugar de publicación, distribución, etc. Santo Domingo :
Nombre del editor, distribuidor, etc. Programa de Control de Enfermedades de Transmisión Sexual y SIDA (PROCETS),
Fecha de publicación, distribución, etc. 1996.
300 ## - DESCRIPCIÓN FÍSICA
Extensión 97 p. ;
Dimensiones 22 cm.
Existencias
Estado de retiro Estado de pérdida No para préstamo Código de colección Localización permanente Ubicación/localización actual Ubicación en estantería Fecha de adquisición Número de inventario Total de préstamos Signatura topográfica completa Código de barras Fecha visto por última vez Precio válido a partir de Tipo de ítem Koha
    Excluido de préstamo Patrimonio Dominicano Patrimonio Dominicano Patrimonio Dominicano En catalogación 08.04.2013 LF1   38278-10 25.06.2020 25.06.2020 Libro y Folleto Colección Patrimonio Dominicano

Con tecnología Koha